Gimmick des rappeurs français - Statistiques

Statistiques générales
  • Ce quiz a été pris 9 693 fois
  • Le résultat moyen est 7 sur 20
Statistiques - réponses
Gimmick Rappeur % Correct
Okayy Naps
92%
Yvick Mister V
86%
Ekip Freeze Corleone
82%
Tiens, tiens, retiens Ninho
79%
2.7 Kaaris
73%
Bendo na bendo Niska
71%
Ohoha Dadju
57%
P*te Alkpote
35%
Hey stop ! La p*tain d'ta madre RK
28%
Sheuboni Bosh
27%
**** Ski Zola
22%
Grikitibang Kaaris
21%
N*gro, n*gro c'est ******* Negrito
8%
C'est ***** au cro-miii Nesko
8%
Zbigili check Guizmo
7%
C'est nous les méchants Kodes
7%
Uhuhuuu Gambino La MG
5%
Ah yeah yo Chily
3%
Hey, on leur montre c'est quoi le boulot ou bien ? Dinor
3%
Zwa toleka Skodri
1%
Aucun quiz correspondant
Distribution des résultats
% des personnes avec chaque résultat
Percentile par nombre de réponses
Votre historique - résultats
Vous n’avez pas pris ce quiz